El concepto del amor en la fraseología española y eslovaca bakalárska práca

Uložené v:
Podrobná bibliografia
Hlavný autor: Bartošovičová, Terézia
Korporativný autor: Fakulta aplikovaných jazykov EU v Bratislave. Katedra románskych a slovanských jazykov
Ďalší autori: Mocková, Nina, 1987-
Médium: Kniha
Jazyk:Spanish
Vydavateľské údaje: Bratislava 2023
Tagy: Pridať tag
Žiadne tagy, Buďte prvý, kto otaguje tento záznam!

MARC

LEADER 00000nbm a2200000 4500
001 0292821
005 20240920135837.5
041 0 |a spa 
044 |a SK 
245 1 0 |a El concepto del amor en la fraseología española y eslovaca  |b bakalárska práca  |c Terézia Bartošovičová ; školiteľ: Nina Mocková 
264 1 |a Bratislava  |c 2023 
300 |a 52 s. 
100 1 |a Bartošovičová, Terézia 
700 1 |a Mocková, Nina, 1987- 
710 2 |a Fakulta aplikovaných jazykov EU v Bratislave. Katedra románskych a slovanských jazykov